| 000 | 004710000a22001810004500 | ||
|---|---|---|---|
| 003 | MACL | ||
| 005 | 20151027144036.0 | ||
| 008 | 151027b xxu||||| |||| 00| 0 eng d | ||
| 040 |
_aMACL _cMACL |
||
| 041 | _aEnglish | ||
| 082 | _a379/DAT | ||
| 100 |
_aDatta,Anup Kumar _916967 |
||
| 245 | _aQuality in Higher Education | ||
| 260 |
_aKolkata _bKnowledge Bank Publishers & Distributors _c2010 |
||
| 350 | _a460 | ||
| 650 |
_aEducation _916968 |
||
| 942 |
_cBK _k379/DAT _2ddc |
||
| 999 |
_c46819 _d46819 |
||